[Event "POL-ChT3"]
[Site "Lazy POL"]
[Date "2012.09.03"]
[Round "3"]
[White "Cichy, Kamil"]
[Black "Maksimenko, Andrei Jr"]
[Result "0-1"]
[WhiteElo "1992"]
[BlackElo "1896"]
[EventDate "2012.09.01"]

1.e4 c5 2.b3 Nc6 3.Bb2 d6 4.Bb5 Bd7 5.Ne2 a6 6.Bxc6 Bxc6 7.d3 e5 8.O-O Nf6
9.Nd2 Be7 10.Ng3 Bd7 11.f4 exf4 12.Rxf4 Qc7 13.Nf5 Bxf5 14.Rxf5 O-O 15.Nc4
Rad8 16.Ne3 Qc6 17.Qf3 c4 18.bxc4 Qb6 19.Bc3 d5 20.cxd5 Rc8 21.d6 Qxd6 22.
Be5 Qb6 23.Kh1 Qe6 24.Rf1 Nd7 25.Ba1 f6 26.Nd5 Rxc2 27.e5 Rc6 28.Nxe7+ 
Qxe7 29.exf6 Nxf6 30.h3 Re6 31.Bd4 Rd8 32.Bc5 Qe8 33.a4 b6 34.Bg1 Qd7 35.
d4 Re1 0-1

[Event "POL-ChT3"]
[Site "Lazy POL"]
[Date "2012.09.03"]
[Round "3"]
[White "Weglarz, Joanna"]
[Black "Krupa, Anna"]
[Result "1-0"]
[WhiteElo "2007"]
[BlackElo "1888"]
[EventDate "2012.09.01"]

1.Nf3 d5 2.d4 Nf6 3.Bf4 c6 4.Nc3 Bf5 5.e3 g6 6.Nh4 Nbd7 7.Nxf5 gxf5 8.Bd3 
e6 9.a3 Bg7 10.Qe2 Qe7 11.Bg5 h6 12.Bh4 Nb6 13.f3 Qd7 14.O-O Rg8 15.Kh1 f4
16.exf4 O-O-O 17.a4 Nc4 18.Bxc4 dxc4 19.Ne4 Qe7 20.Qxc4 Rd5 21.Qc3 Qd8 22.
Rad1 Rf5 23.Qe1 Rd5 24.Qf2 Kb8 25.c4 Rd7 26.f5 exf5 27.Qg3+ Ka8 28.Nxf6 
1-0

[Event "POL-ChT3"]
[Site "Lazy POL"]
[Date "2012.09.03"]
[Round "3"]
[White "Weichhold, Pawel"]
[Black "Paprocki, Jaroslaw"]
[Result "1-0"]
[WhiteElo "2374"]
[BlackElo "2224"]
[EventDate "2012.09.01"]

1.e4 e5 2.Nf3 Nc6 3.Bb5 Bc5 4.c3 Nf6 5.O-O O-O 6.d4 Bb6 7.a4 a6 8.Bxc6 
dxc6 9.a5 Ba7 10.Bg5 Bg4 11.h3 Bxf3 12.Qxf3 exd4 13.Rd1 h6 14.Bxf6 Qxf6 
15.Qxf6 gxf6 16.cxd4 f5 17.exf5 Rad8 18.Ra4 Rd5 19.Nc3 Rxf5 20.g4 Rf4 21.
Kg2 Rd8 22.Ne2 Re4 23.Kf3 Re5 24.Ng3 Rb5 25.Rd2 Bc5 26.Nf5 Rb3+ 27.Kg2 Bf8
28.Re2 Kh7 29.h4 Rd5 30.h5 Bd6 31.Re3 Rxe3 32.fxe3 Rb5 33.Kf3 Bb4 34.Kf4 
Bxa5 35.g5 Bb4 36.Nxh6 f6 37.Nf5 Bd6+ 38.Kg4 fxg5 39.Kxg5 Rxb2 40.e4 Bb4 
41.e5 a5 42.e6 b5 43.Ra1 a4 44.e7 Re2 45.Kf6 a3 46.Kf7 Bxe7 47.Nxe7 b4 48.
Nxc6 Rb2 49.d5 a2 50.Nxb4 Rxb4 51.Rxa2 Rb6 52.Rc2 Rb7 53.Rc6 Ra7 54.Ke7 
Kg8 55.Kd7 Ra5 56.Ke6 Ra7 57.Rc5 Kf8 58.Kd7 Ra6 59.Kxc7 Ke7 60.Rc1 Ra7+ 
61.Kc6 Ra6+ 62.Kc5 Ra5+ 63.Kc6 Ra6+ 64.Kb5 Rf6 65.Rh1 Kd6 66.h6 Rf8 67.h7 
Rh8 68.Rh5 Rb8+ 69.Kc4 Rc8+ 70.Kd4 Kd7 1-0

[Event "POL-ChT3"]
[Site "Lazy POL"]
[Date "2012.09.03"]
[Round "3"]
[White "Lewandowski, Krzysztof"]
[Black "Kulon, Klaudia"]
[Result "0-1"]
[WhiteElo "2136"]
[BlackElo "2264"]
[EventDate "2012.09.01"]

1.d4 d5 2.c4 e6 3.Nf3 c6 4.Nc3 dxc4 5.a4 Bb4 6.e3 b5 7.Bd2 a5 8.axb5 Bxc3 
9.Bxc3 cxb5 10.b3 Bb7 11.bxc4 b4 12.Bb2 Nf6 13.Bd3 Nbd7 14.O-O O-O 15.Re1 
Ne4 16.Nd2 Nxd2 17.Qxd2 Qg5 18.f4 Qe7 19.c5 f5 20.Bb5 Be4 21.Rec1 Nf6 22.
d5 Nxd5 23.Be5 Rfd8 24.Qe2 Rdc8 25.c6 Nc7 26.Rd1 Bd5 27.Ba4 Na6 28.Rac1 b3
29.Bb5 Nc7 30.Bc4 a4 31.g4 Qf7 32.e4 fxg4 33.f5 exf5 34.Rxd5 Nxd5 35.exf5 
Rxc6 36.Qxg4 0-1

[Event "POL-ChT3"]
[Site "Lazy POL"]
[Date "2012.09.03"]
[Round "3"]
[White "Adamowicz, Maciej"]
[Black "Lunkiewicz, Dariusz"]
[Result "0-1"]
[WhiteElo "1985"]
[BlackElo "2052"]
[EventDate "2012.09.01"]

1.c4 g6 2.g3 Bg7 3.Bg2 d6 4.Nf3 c5 5.Nc3 Nc6 6.O-O e5 7.a3 Nge7 8.b4 O-O 
9.Rb1 Rb8 10.d3 b6 11.b5 Nd4 12.e3 Nxf3+ 13.Bxf3 f5 14.Nd5 Bb7 15.Qa4 Bxd5
16.cxd5 Rb7 17.Bg2 g5 18.d4 e4 19.dxc5 dxc5 20.f3 exf3 21.Bxf3 Qd6 22.Bb2 
Ng6 23.Qb3 Bxb2 24.Rxb2 Ne5 25.Bg2 Re7 26.Rbf2 Ref7 27.Qc2 Qd7 28.h3 Ng6 
29.Qd3 Rf6 30.g4 f4 31.Be4 Ne5 32.Qc3 Qd6 33.exf4 Rxf4 34.Rxf4 gxf4 35.a4 
Ng6 36.Qd3 Nh4 37.Bf3 Re8 38.Be4 f3 39.Rxf3 Nxf3+ 40.Qxf3 Qe5 41.Bd3 Qe3+ 
42.Kg2 Qd2+ 43.Kg1 Re3 44.Qf5 Rg3+ 45.Kf1 Qg2+ 0-1

[Event "POL-ChT3"]
[Site "Lazy POL"]
[Date "2012.09.03"]
[Round "3"]
[White "Tabaczka, Jerzy"]
[Black "Kamieniecki, Tomasz"]
[Result "1/2-1/2"]
[WhiteElo "1855"]
[BlackElo "1992"]
[EventDate "2012.09.01"]

1.c4 Nf6 2.Nc3 g6 3.g3 Bg7 4.Bg2 O-O 5.e4 d6 6.Nge2 e5 7.O-O Be6 8.b3 Qd7 
9.d4 exd4 10.Nxd4 Bh3 11.f3 Bxg2 12.Kxg2 Re8 13.Bb2 Na6 14.Qd2 Rad8 15.
Rad1 Nc5 16.Rfe1 c6 17.b4 Ne6 18.Nc2 Qc7 19.a3 Nd7 20.Na4 Ne5 21.Ne3 b5 
22.cxb5 cxb5 23.Nd5 Qb7 24.Bxe5 Bxe5 25.Nac3 Rc8 26.f4 Bg7 27.Kh3 Nd4 28.
Qf2 Rxc3 29.Rxd4 Qc8+ 30.Kh4 h5 31.f5 Rc2 32.Rd2 Rxd2 33.Qxd2 Qd8+ 34.Kh3 
gxf5 35.exf5 Rxe1 36.Qxe1 Qd7 37.Kg2 Kf8 38.Qe4 Be5 39.Ne3 f6 40.g4 h4 41.
Qa8+ Kg7 42.Kh3 Qf7 43.Qd5 Qxd5 44.Nxd5 Bb2 45.Nc7 Bxa3 46.Nxb5 Bxb4 47.
Nxa7 Be1 48.Kg2 Kf7 49.h3 Ke7 50.Kf3 d5 51.Nb5 Bg3 52.Nd4 Kd6 53.Ne6 Bh2 
54.Kg2 Bg3 55.Kf3 1/2-1/2

[Event "POL-ChT3"]
[Site "Lazy POL"]
[Date "2012.09.03"]
[Round "3"]
[White "Malaczek, Mateusz"]
[Black "Marchel, Agnieszka"]
[Result "1-0"]
[WhiteElo "1816"]
[BlackElo "1995"]
[EventDate "2012.09.01"]

1.e4 e5 2.Nf3 Nc6 3.Bc4 Bc5 4.c3 d6 5.d3 Nf6 6.Bb3 h6 7.Nbd2 O-O 8.Nf1 d5 
9.Qe2 d4 10.Ng3 a6 11.O-O Be6 12.Bc2 Nd7 13.h3 Kh7 14.Nh2 Qh4 15.Kh1 Rae8 
16.Nf3 Qe7 17.Kh2 Bd6 18.Ng1 f5 19.f4 exf4 20.Bxf4 g5 21.Bxd6 Qxd6 22.Nf3 
g4 23.hxg4 f4 24.Nf5 Bxf5 25.gxf5 Rxf5 26.Rh1 Qc5 27.c4 Rh5+ 28.Kg1 Rxh1+ 
29.Kxh1 Qh5+ 30.Kg1 Qf7 31.Ba4 Nce5 32.Nxe5 Rxe5 33.Bxd7 Qxd7 34.Qf2 Qg4 
35.Rf1 Rg5 36.Qf3 Kg6 37.Rf2 h5 38.Qxf4 Qxf4 39.Rxf4 c5 40.Kf2 Re5 41.Rf8 
b6 42.Rd8 Re6 43.a3 a5 44.Rd5 Rf6+ 45.Ke2 Re6 46.Rf5 Re8 47.Kf3 Re6 48.Kg3
a4 49.Rf8 b5 50.cxb5 Rb6 51.Rf2 Rxb5 52.Kf4 Rb3 53.Rd2 Kf6 54.g3 Rb8 55.
Rh2 Rb3 56.Rd2 Rb7 57.Rc2 Rb5 58.e5+ Ke6 59.Ke4 Ra5 60.Rh2 Rb5 61.Rxh5 
Rxb2 62.Rh6+ Ke7 63.Ra6 Rg2 64.Kd5 Rxg3 65.Ra7+ Ke8 66.e6 Re3 67.Kd6 Kf8 
68.Ra8+ Kg7 69.e7 1-0

[Event "POL-ChT3"]
[Site "Lazy POL"]
[Date "2012.09.03"]
[Round "3"]
[White "Lewandowska, Anika"]
[Black "Adamowicz, Katarzyna"]
[Result "1/2-1/2"]
[WhiteElo "1937"]
[BlackElo "2109"]
[EventDate "2012.09.01"]

1.d4 Nf6 2.Nd2 e6 3.e4 d6 4.f4 Nbd7 5.Ngf3 Be7 6.Bd3 c5 7.c3 a6 8.a4 b6 9.
e5 Nd5 10.Ne4 Qc7 11.dxc5 dxe5 12.cxb6 N5xb6 13.fxe5 Nxe5 14.Nxe5 Qxe5 15.
O-O O-O 16.Be3 Nd5 17.Bd4 Qc7 18.Qh5 g6 19.Ng5 Bxg5 20.Qxg5 Qe7 21.Rf6 e5 
22.Qxe5 Qxe5 23.Bxe5 Nxf6 24.Bxf6 Be6 25.b4 Rfc8 26.Be4 Ra7 27.Bd4 Rd7 28.
b5 axb5 29.axb5 Bd5 30.Bxd5 Rxd5 31.b6 Rb8 32.Rb1 Kf8 33.Kf2 Ke8 34.Ke3 
Kd7 35.c4 Rg5 36.g3 Kc6 37.Rf1 f5 38.Rf4 Ra8 39.Kf3 Rg4 40.Bf2 Rxf4+ 41.
gxf4 Rd8 42.Ke2 Ra8 43.c5 Ra2+ 44.Kf3 Ra3+ 45.Kg2 Ra4 46.Kf3 Rc4 47.h4 
Rc3+ 48.Kg2 Rd3 49.Bg1 Rd2+ 50.Kf3 Rd1 51.Bf2 Rd3+ 1/2-1/2

[Event "POL-ChT3"]
[Site "Lazy POL"]
[Date "2012.09.03"]
[Round "3"]
[White "Steczek, Marcin"]
[Black "Brzezinski, Mateusz"]
[Result "1/2-1/2"]
[WhiteElo "2409"]
[BlackElo "2108"]
[EventDate "2012.09.01"]

1.c4 c6 2.Nf3 Nf6 3.g3 d5 4.b3 Bf5 5.Bg2 e6 6.Bb2 Nbd7 7.O-O Bd6 8.d3 Qe7 
9.Nbd2 O-O 10.Qc2 e5 11.e4 dxe4 12.dxe4 Bg4 13.h3 Bxf3 14.Nxf3 a5 15.a3 
Rfd8 16.Rfd1 g6 17.Ne1 Ne8 18.Rd2 b6 19.Rad1 Nc5 20.b4 axb4 21.axb4 Na6 
22.c5 bxc5 23.bxc5 Bxc5 24.Rxd8 Rxd8 25.Rxd8 Qxd8 26.Bf1 Nec7 27.Bxe5 Nb5 
28.Nd3 Qb6 29.Nxc5 Qxc5 30.Qb2 h5 31.Bh8 Kf8 32.Bf6 Nac7 33.Qd2 Qd6 34.
Qh6+ Ke8 35.Bb2 Ne6 36.Qh8+ Qf8 37.Qe5 Qc5 38.Qb8+ Ke7 39.Qb7+ Nbc7 40.h4 
Kf8 41.Bf6 Ne8 42.Qc8 Qd6 43.Bc4 Nc5 44.e5 Qd7 45.Qd8 Qxd8 46.Bxd8 Ng7 47.
Ba5 Ke8 48.Bb4 Nd7 49.f4 Nb6 50.Bb3 Nd5 51.Ba3 Kd7 52.Kf2 1/2-1/2

[Event "POL-ChT3"]
[Site "Lazy POL"]
[Date "2012.09.03"]
[Round "3"]
[White "Stoppel, Mariusz"]
[Black "Meczynski, Waldemar"]
[Result "0-1"]
[WhiteElo "2090"]
[BlackElo "2153"]
[EventDate "2012.09.01"]

1.e4 c5 2.b4 cxb4 3.Bb2 Nf6 4.e5 Nd5 5.Bc4 Nb6 6.Bb3 e6 7.Nf3 Be7 8.O-O 
O-O 9.d4 d5 10.a3 bxa3 11.Nxa3 a6 12.c4 dxc4 13.Nxc4 Nxc4 14.Bxc4 Bd7 15.
Qe2 Bc6 16.h4 Bd5 17.Bd3 Nc6 18.Ng5 Bxg5 19.hxg5 Qxg5 20.f4 Qh4 21.Ra3 f5 
22.Bb1 b5 23.Rh3 Qe7 24.g4 g6 25.Kf2 Rf7 26.Rh6 b4 27.Rfh1 a5 28.R1h4 a4 
0-1

[Event "POL-ChT3"]
[Site "Lazy POL"]
[Date "2012.09.03"]
[Round "3"]
[White "Walaszczyk, Witold"]
[Black "Mazalon, Mariusz"]
[Result "0-1"]
[WhiteElo "2210"]
[BlackElo "2000"]
[EventDate "2012.09.01"]

1.d4 Nf6 2.Nf3 g6 3.c4 Bg7 4.g3 O-O 5.Bg2 d6 6.O-O Nc6 7.Nc3 Bg4 8.h3 Bxf3
9.Bxf3 Nd7 10.e3 e5 11.d5 Ne7 12.e4 a5 13.a3 f5 14.Bg5 h6 15.Bxe7 Qxe7 16.
b4 b6 17.Qc2 f4 18.Kg2 fxg3 19.fxg3 h5 20.Nb5 Qd8 21.Qb3 Bh6 22.Ra2 Rf7 
23.Raf2 axb4 24.axb4 Nf8 25.c5 bxc5 26.bxc5 Nh7 27.h4 Bf8 28.Be2 Rg7 29.
cxd6 cxd6 30.Qb4 g5 31.Bxh5 gxh4 32.g4 Qg5 33.Bf7+ Rxf7 34.Rxf7 Qxg4+ 35.
Kh1 Qh3+ 36.Kg1 Qg3+ 37.Kh1 Ra2 38.Rxf8+ Nxf8 39.Rxf8+ Kg7 40.Rf7+ Kxf7 
0-1

[Event "POL-ChT3"]
[Site "Lazy POL"]
[Date "2012.09.03"]
[Round "3"]
[White "Wisniewski, Adam"]
[Black "Swiatnicki, Andrzej"]
[Result "1-0"]
[WhiteElo "1956"]
[BlackElo "2127"]
[EventDate "2012.09.01"]

1.e4 e5 2.Bc4 Nf6 3.d3 Bc5 4.Nf3 Nc6 5.Bb3 d6 6.c3 a6 7.h3 Bd7 8.Nbd2 O-O 
9.Nf1 h6 10.g4 d5 11.Qe2 dxe4 12.dxe4 Be6 13.Ng3 Qd6 14.g5 hxg5 15.Bxg5 
Bxb3 16.Nf5 Qe6 17.axb3 Ne7 18.N3h4 Ng6 19.Rg1 Rfe8 20.Qf3 Qc6 21.Bxf6 
Qxf6 22.Nh6+ Kh7 23.Qxf6 gxf6 24.N4f5 Rad8 25.h4 Rg8 26.Nxg8 Rxg8 27.h5 
Nf4 28.Rxg8 Kxg8 29.h6 Nd3+ 30.Ke2 Nxf2 31.Rg1+ Kh8 32.Rg7 Nxe4 33.Rxf7 
Nd6 34.Nxd6 cxd6 35.Rxb7 1-0

[Event "POL-ChT3"]
[Site "Lazy POL"]
[Date "2012.09.03"]
[Round "3"]
[White "Smagalski, Slawomir"]
[Black "Marchlewicz, Damian"]
[Result "1-0"]
[WhiteElo "2028"]
[BlackElo "1936"]
[EventDate "2012.09.01"]

1.Nf3 d5 2.c4 c6 3.b3 Nf6 4.g3 Bf5 5.Bg2 e6 6.O-O Be7 7.Bb2 O-O 8.d3 Nbd7 
9.Nbd2 a5 10.a3 Bg6 11.Qc2 Qb8 12.Rfc1 Rc8 13.Qc3 b5 14.e4 b4 15.Qc2 Nc5 
16.axb4 Nxd3 17.Qxd3 dxe4 18.Nxe4 Bxe4 19.Qe3 Bxf3 20.Bxf3 Qxb4 21.Ra4 Qb7
22.Rca1 Rab8 23.Be5 Ra8 24.Rxa5 Rxa5 25.Rxa5 Qd7 26.Ra7 Qd8 27.Rb7 Nd7 28.
Bc3 Nc5 29.Rxe7 Qxe7 30.Bb4 Qf6 31.Bxc5 h6 32.Kg2 e5 33.Qe4 1-0

[Event "POL-ChT3"]
[Site "Lazy POL"]
[Date "2012.09.03"]
[Round "3"]
[White "Paprocka, Renata"]
[Black "Swiatnicka, Malgorzata"]
[Result "0-1"]
[WhiteElo "1985"]
[BlackElo "1819"]
[EventDate "2012.09.01"]

1.d4 Nf6 2.Nf3 d5 3.c4 c6 4.cxd5 cxd5 5.Nc3 Bf5 6.Qb3 Qb6 7.Qxb6 axb6 8.
Bf4 Na6 9.e3 e6 10.Bb5+ Kd8 11.Ne5 Bg6 12.a3 Nh5 13.Bg3 f6 14.Nd7 Nxg3 15.
hxg3 Nc7 16.Nxf8 Rxf8 17.Be2 Ke7 18.Rc1 Rfc8 19.Kd2 Ne8 20.Nb5 Rc6 21.g4 
Rac8 22.Rc3 Nd6 23.Nxd6 Kxd6 24.Rhc1 h6 25.Bb5 R6c7 26.f4 Be4 27.g3 Rxc3 
28.Rxc3 Rxc3 29.Kxc3 Bf3 30.g5 hxg5 31.fxg5 fxg5 32.Kb4 Bg4 33.Bd3 Kc6 34.
e4 Bf3 35.e5 Bg4 36.Kc3 Bd1 37.Kd2 Bg4 38.Ke3 Kd7 39.Be2 Bf5 40.Bh5 Ke7 
41.Kf3 g6 42.Bg4 Kf7 43.Bxf5 gxf5 44.a4 Ke7 45.Ke3 Kd7 46.Kd3 Kc6 47.b4 b5
48.a5 Kd7 49.Ke3 Ke7 50.Kf3 Kf7 51.Kf2 Kg6 52.Kf3 Kh5 53.g4+ fxg4+ 54.Kg3 
Kh6 55.Kxg4 Kg6 56.Kg3 Kf5 57.Kf3 g4+ 58.Kg3 Kg5 59.Kg2 Kf4 60.Kf2 Ke4 0-1

[Event "POL-ChT3"]
[Site "Lazy POL"]
[Date "2012.09.03"]
[Round "3"]
[White "Banasik, Krzysztof"]
[Black "Joachimiak, Roman"]
[Result "1-0"]
[WhiteElo "2284"]
[BlackElo "2055"]
[EventDate "2012.09.01"]

1.e4 c5 2.Nf3 d6 3.Bc4 e6 4.O-O a6 5.c3 Qc7 6.Bb3 Nf6 7.Re1 Nbd7 8.d4 e5 
9.Nbd2 b5 10.Nf1 g6 11.Ne3 Bg7 12.Nd5 Nxd5 13.Bxd5 Ra7 14.dxe5 dxe5 15.a4 
O-O 16.axb5 axb5 17.Rxa7 Qxa7 18.Qb3 Qa6 19.Be3 c4 20.Qd1 Nf6 21.Bc5 Re8 
22.Ng5 Nxd5 23.Qxd5 Qf6 24.Be3 Ba6 25.Rd1 h6 26.Qd7 Ra8 27.h4 Bf8 28.Nf3 
Kg7 29.Nxe5 Bc8 30.Qd5 Ra6 31.Nf3 Qc6 32.Qd8 Bc5 1-0

[Event "POL-ChT3"]
[Site "Lazy POL"]
[Date "2012.09.03"]
[Round "3"]
[White "Markowski, Piotr"]
[Black "Tustanowski, Robert"]
[Result "0-1"]
[WhiteElo "2174"]
[BlackElo "2304"]
[EventDate "2012.09.01"]

1.e4 e5 2.Nf3 Nc6 3.Bb5 f5 4.d3 fxe4 5.dxe4 Nf6 6.O-O Bc5 7.Bxc6 bxc6 8.
Nxe5 O-O 9.Bg5 Qe8 10.Bxf6 Rxf6 11.Nd3 Bd4 12.c3 Bb6 13.Nd2 d5 14.Re1 Qg6 
15.Nf3 Bh3 16.g3 dxe4 17.Nh4 Qf7 18.Rxe4 g5 19.c4 Bxf2+ 20.Nxf2 Rxf2 21.
Re5 h6 22.Ng6 Rg2+ 23.Kh1 Qf2 24.Ne7+ Kg7 25.Nf5+ Kf8 0-1

[Event "POL-ChT3"]
[Site "Lazy POL"]
[Date "2012.09.03"]
[Round "3"]
[White "Siekaniec, Jan"]
[Black "Kozlowski, Tomasz"]
[Result "0-1"]
[WhiteElo "2159"]
[BlackElo "1947"]
[EventDate "2012.09.01"]

1.e4 e5 2.Nf3 d6 3.Bc4 Be7 4.Bb3 Nf6 5.d3 Bg4 6.h3 Bh5 7.c3 O-O 8.g4 Bg6 
9.Nh4 Kh8 10.Nf5 Bxf5 11.gxf5 d5 12.Qf3 dxe4 13.dxe4 Nbd7 14.Be3 Nc5 15.
Bxc5 Bxc5 16.Nd2 a5 17.O-O-O a4 18.Bc2 Qe7 19.Rdg1 b5 20.Rg2 Ne8 21.Qg3 
Ra6 22.Nf3 Bd6 23.Nh2 b4 24.Rhg1 bxc3 25.Qxc3 Bb4 26.Qe3 a3 27.Ng4 axb2+ 
28.Kb1 f6 29.Bb3 Rc6 30.f4 exf4 31.Qxf4 Qc5 32.Kxb2 Qd4+ 33.Kb1 Nd6 34.Rd1
Qxe4+ 35.Qxe4 Nxe4 36.Rd4 Ba3 37.Rc4 Rxc4 38.Bxc4 Rb8+ 39.Bb3 c5 40.Ne3 h5
41.Kc2 Nd6 42.Rd2 Nb5 43.Bf7 Nd4+ 44.Kd3 Nf3 45.Nc4 Rd8+ 46.Kc2 Nxd2 47.
Nxd2 Bb4 48.Nc4 h4 49.a3 Be1 50.a4 Kh7 51.Nb2 Rd2+ 52.Kb3 Rh2 53.Nd3 Rxh3 
54.Kc4 Bb4 0-1

[Event "POL-ChT3"]
[Site "Lazy POL"]
[Date "2012.09.03"]
[Round "3"]
[White "Wojtkowski, Pawel"]
[Black "Olszynski, Kazimierz"]
[Result "0-1"]
[WhiteElo "1963"]
[BlackElo "2185"]
[EventDate "2012.09.01"]

1.Nf3 f5 2.d4 Nf6 3.c4 e6 4.Nc3 d5 5.Bg5 c6 6.e3 Bd6 7.Bd3 O-O 8.Qc2 Qe8 
9.cxd5 exd5 10.Bxf6 Rxf6 11.g4 fxg4 12.Bxh7+ Kh8 13.Ne5 Bxe5 14.dxe5 Qxe5 
15.O-O-O Na6 16.Rd4 Be6 17.a3 Raf8 18.Rd2 Nc5 19.b4 Nd7 20.Bd3 Rh6 21.Kb2 
a5 22.b5 c5 23.e4 c4 24.Bf1 d4 25.Nd5 Bxd5 26.exd5 c3+ 0-1

[Event "POL-ChT3"]
[Site "Lazy POL"]
[Date "2012.09.03"]
[Round "3"]
[White "Szczesniak, Konrad"]
[Black "Skrzypczak, Michal"]
[Result "1-0"]
[WhiteElo "2171"]
[BlackElo "1990"]
[EventDate "2012.09.01"]

1.d4 Nf6 2.c4 e5 3.dxe5 Ng4 4.Bf4 g5 5.Bg3 Nc6 6.Nc3 Bg7 7.Nf3 Ngxe5 8.e3 
h5 9.Bxe5 Nxe5 10.Nd4 d6 11.Be2 g4 12.Qb3 b6 13.O-O-O Bb7 14.f3 a6 15.Rhf1
Qd7 16.Nd5 Bxd5 17.cxd5 gxf3 18.gxf3 Qh3 19.Qa4+ Kf8 20.Qc2 Bh6 21.Nf5 b5 
22.Kb1 Rc8 23.Rf2 Ng6 24.Bf1 1-0

[Event "POL-ChT3"]
[Site "Lazy POL"]
[Date "2012.09.03"]
[Round "3"]
[White "Kozlowska, Marzena"]
[Black "Buksa, Ewelina"]
[Result "1-0"]
[WhiteElo "1913"]
[BlackElo "1533"]
[EventDate "2012.09.01"]

1.e4 e5 2.Nf3 Nc6 3.d4 exd4 4.Bc4 d6 5.Nxd4 Nxd4 6.Qxd4 Nf6 7.Nc3 Be7 8.
Bf4 O-O 9.O-O-O a6 10.f3 b5 11.Bd5 Rb8 12.e5 Nxd5 13.Nxd5 Bg5 14.exd6 cxd6
15.h4 Bxf4+ 16.Nxf4 Rb6 17.Nh5 f6 18.Rhe1 Qc7 19.Re2 Qc5 20.Re7 Rb7 21.
Rxb7 Bxb7 22.Qg4 Rf7 23.Re1 Qc8 24.Qg3 Qd7 25.Re2 Bc6 26.Qe1 Qf5 27.Ng3 
Qf4+ 28.Kb1 Qxh4 29.Nf5 Qxe1+ 30.Rxe1 Rd7 31.Ne7+ Rxe7 32.Rxe7 b4 33.Re6 
1-0

[Event "POL-ChT3"]
[Site "Lazy POL"]
[Date "2012.09.03"]
[Round "3"]
[White "Plichta, Kamil"]
[Black "Dors, Ryszard"]
[Result "0-1"]
[WhiteElo "2195"]
[BlackElo "2220"]
[EventDate "2012.09.01"]

1.d4 Nf6 2.c4 c5 3.d5 b5 4.cxb5 a6 5.b6 Qxb6 6.Nc3 d6 7.e4 g6 8.Nf3 Nbd7 
9.a4 Bg7 10.Nd2 O-O 11.a5 Qb4 12.Be2 Ne8 13.O-O Nc7 14.Nc4 Qb7 15.Rb1 Bxc3
16.Nb6 Bxa5 17.Nxa8 Qxa8 18.Bh6 Rd8 19.f4 Nf6 20.f5 Bb4 21.fxg6 hxg6 22.
Bf3 Nb5 23.h4 Nd4 24.Bg5 Qa7 25.h5 Kg7 26.Bxf6+ exf6 27.Bg4 Qe7 28.Bxc8 
Rxc8 29.Qg4 Rh8 30.hxg6 fxg6 31.Rbd1 f5 32.exf5 Qe3+ 33.Rf2 Nxf5 34.Qf3 
Qh6 35.g4 Qg5 36.Qf4 Qxf4 37.Rxf4 Nd4 38.Kg2 Rf8 39.Re4 Nf3 40.Re7+ Kh6 
41.Kg3 Ne5 42.Kh4 Rf4 43.Rg1 c4 44.Re8 Bd2 45.Rg2 Be1+ 46.Kh3 Kg5 47.Re6 
Rf3+ 48.Kh2 Bf2 49.Rxd6 Rf7 50.Kh1 Nxg4 51.Rxg6+ Kxg6 52.Rxg4+ Kf5 53.Rxc4
Ke5 54.d6 Kxd6 55.Ra4 Ra7 56.Kg2 Bb6 57.Kf3 Kc6 58.Ke2 Kb5 59.Rg4 Rd7 60.
Rg3 Bc5 61.Rg4 Rd4 62.Rg8 Rb4 63.Kd3 Rxb2 64.Kc3 Rh2 65.Kb3 a5 66.Rg3 a4+ 
67.Kc3 a3 68.Rg8 a2 69.Ra8 Kb6 70.Rb8+ Ka7 71.Re8 a1=Q+ 0-1

[Event "POL-ChT3"]
[Site "Lazy POL"]
[Date "2012.09.03"]
[Round "3"]
[White "Gmaj, Krzysztof"]
[Black "Nguyen, Piotr"]
[Result "1/2-1/2"]
[WhiteElo "2152"]
[BlackElo "2382"]
[EventDate "2012.09.01"]

1.e4 g6 2.d4 Bg7 3.Nc3 c5 4.dxc5 Bxc3+ 5.bxc3 Qa5 6.Qd4 Nf6 7.Qb4 Nc6 8.
Qxa5 Nxa5 9.Bd3 b6 10.cxb6 axb6 11.Be3 Bb7 12.f3 d5 13.exd5 Nxd5 14.Bd4 
O-O 15.Ne2 Rfc8 16.O-O Nc4 17.Rfb1 e5 18.Bxc4 Rxc4 19.Bxb6 Ba6 20.Bf2 Ra4 
21.Re1 f6 22.h3 Bc4 23.Ng3 Rxa2 24.Rxa2 Rxa2 25.Rc1 Nxc3 26.Be1 Nd5 27.Ne4
Rb2 28.Bd2 Kg7 29.Nf2 Be2 30.h4 f5 31.Be1 Kf6 32.Bd2 Ra2 33.Bg5+ Ke6 34.
Bd2 Nb6 35.Nh3 h5 36.Re1 Ba6 37.Bc3 Nc4 38.Nf4+ Kf6 39.Nd5+ Kf7 40.Nb4 Ra4
41.Nxa6 Rxa6 42.Bxe5 Re6 43.Bg3 Rc6 44.Re2 Na3 45.Rd2 Nxc2 46.Rd6 Rxd6 47.
Bxd6 Ke6 48.Bc5 Kd5 49.Bb6 Nd4 50.Kf2 Ne6 51.Be3 Kc4 52.Ke2 Kc3 53.Bh6 f4 
54.Kf2 Kd3 55.g3 fxg3+ 56.Kxg3 Ke2 57.Bc1 Nd4 58.Ba3 Nf5+ 59.Kf4 Nxh4 60.
Kg5 Ng2 61.Kxg6 h4 62.Bd6 h3 63.Kg5 Kxf3 64.Bb8 Ne3 65.Kh4 Kg2 66.Bc7 Nd5 
67.Bb8 Ne7 68.Bc7 h2 69.Bxh2 Kxh2 1/2-1/2

[Event "POL-ChT3"]
[Site "Lazy POL"]
[Date "2012.09.03"]
[Round "3"]
[White "Paterek, Michal"]
[Black "Sek, Joachim"]
[Result "1-0"]
[WhiteElo "2304"]
[BlackElo "2140"]
[EventDate "2012.09.01"]

1.Nf3 e6 2.g3 f5 3.Bg2 Nf6 4.O-O d5 5.Re1 c5 6.c4 Nc6 7.cxd5 exd5 8.d4 c4 
9.Nc3 Be7 10.b3 Ne4 11.Bb2 Qa5 12.Qc2 Nb4 13.Qc1 cxb3 14.axb3 Qd8 15.Nb5 
Nc6 16.Ba3 O-O 17.Bxe7 Qxe7 18.Qa3 Re8 19.e3 a6 20.Rec1 Be6 21.Nc3 Rac8 
22.Qxe7 Rxe7 23.Na4 Rcc7 24.Nc5 h6 25.Nxb7 Rxb7 26.Rxc6 Rxb3 27.Ne5 Kh7 
28.Rcxa6 Bc8 29.Rc6 Bb7 30.Rc2 Nc3 31.Rac1 Ne4 32.h4 Nf6 33.Bf3 Ba6 34.Kg2
Bd3 35.Rc3 Rxc3 36.Rxc3 Be4 37.Rc8 Rb7 38.Bxe4 Nxe4 39.Rf8 g6 40.h5 gxh5 
41.Rxf5 Ng5 42.Nd3 1-0

[Event "POL-ChT3"]
[Site "Lazy POL"]
[Date "2012.09.03"]
[Round "3"]
[White "Morkisz, Bogdan"]
[Black "Skawinski, Arkadiusz"]
[Result "0-1"]
[WhiteElo "2119"]
[BlackElo "2309"]
[EventDate "2012.09.01"]

1.e4 e6 2.Nf3 d5 3.e5 c5 4.b4 cxb4 5.a3 Nc6 6.axb4 Bxb4 7.c3 Be7 8.d4 Bd7 
9.Bd3 a6 10.O-O Rc8 11.Ne1 h5 12.f4 g6 13.Ra2 Nh6 14.h3 h4 15.Nc2 Nf5 16.
Ne3 Nxe3 17.Bxe3 Na5 18.Qg4 Qb6 19.Bxg6 Nc4 20.Bxf7+ Kxf7 21.f5 exf5 22.
Rxf5+ Bxf5 23.Qxf5+ Kg7 24.e6 0-1

[Event "POL-ChT3"]
[Site "Lazy POL"]
[Date "2012.09.03"]
[Round "3"]
[White "Flak, Pawel"]
[Black "Pochcial, Jan"]
[Result "1-0"]
[WhiteElo "2243"]
[BlackElo "2094"]
[EventDate "2012.09.01"]

1.d4 Nf6 2.c4 e6 3.Nf3 b6 4.g3 Bb7 5.Bg2 Be7 6.O-O O-O 7.b3 d6 8.Bb2 Nbd7 
9.Re1 c5 10.Qc2 d5 11.cxd5 exd5 12.Nc3 Rc8 13.Rac1 Ne4 14.Qb1 Bf6 15.Red1 
Nxc3 16.Bxc3 Qe7 17.Qb2 Rfe8 18.Bf1 Qf8 19.Qd2 h6 20.Qf4 Re4 21.Qd2 Qe8 
22.Qb2 Re6 23.Qa3 a6 24.Qb2 Re4 25.Rd2 Rd8 26.Bh3 Qe7 27.Bf5 g6 28.Bxe4 
dxe4 29.Ne5 cxd4 30.Nxd7 Qxd7 31.Bxd4 Bxd4 32.Rcd1 Bxb2 33.Rxd7 Rxd7 34.
Rxd7 Bc6 35.Rd6 Be8 36.Rxb6 a5 37.b4 Bc3 38.Rb8 Kf8 39.b5 a4 40.b6 Be5 41.
Ra8 Ke7 42.b7 Bc6 43.b8=Q Bxb8 44.Rxb8 Bd5 45.a3 Kd6 46.Kf1 h5 47.Ke1 Ke5 
48.Kd2 1-0

[Event "POL-ChT3"]
[Site "Lazy POL"]
[Date "2012.09.03"]
[Round "3"]
[White "Olbrich, Mariola"]
[Black "Leszner, Liliana"]
[Result "0-1"]
[WhiteElo "1680"]
[BlackElo "2068"]
[EventDate "2012.09.01"]

1.e4 g6 2.d4 Bg7 3.c3 c6 4.Nf3 d6 5.Be2 Nf6 6.e5 Nd5 7.O-O O-O 8.c4 Nb6 9.
Be3 Be6 10.Nbd2 h6 11.Rc1 N8d7 12.b3 Kh7 13.exd6 exd6 14.Ne4 Nf6 15.Nxf6+ 
Qxf6 16.Qd2 d5 17.c5 Nd7 18.Bf4 Rae8 19.Ne5 Qe7 20.Nxd7 Qxd7 21.Bd1 Bf5 
22.Rc3 Re4 23.Be3 Rfe8 24.Bc2 R4e7 25.Bxf5 Qxf5 26.h3 g5 27.Rd3 Qe4 28.Qd1
Qg6 29.Bc1 Re2 30.Re3 R8xe3 31.fxe3 Rxa2 32.Qf3 Rc2 33.Qd1 Qe4 34.Rf2 Rxf2
35.Kxf2 f5 36.g3 f4 37.g4 Qb1 38.Ke2 Qe4 39.Kf2 Bf6 40.b4 Qb1 41.Qe1 Qc2+ 
42.Qd2 0-1

[Event "POL-ChT3"]
[Site "Lazy POL"]
[Date "2012.09.03"]
[Round "3"]
[White "Kukula, Pawel"]
[Black "Plonczak, Dominik"]
[Result "1-0"]
[WhiteElo "2256"]
[BlackElo "2169"]
[EventDate "2012.09.01"]
[PlyCount "110"]

1.d4 d6 2.e4 Nf6 3.Nc3 e5 4.Nf3 Nbd7 5.Bc4 Be7 6.O-O O-O 7.a4 c6 8.Re1 b6 
9.h3 a6 10.Ba2 Bb7 11.dxe5 dxe5 12.Be3 Qc7 13.Nh4 g6 14.Bh6 Rfe8 15.Qf3 
Bf8 16.Bxf8 Rxf8 17.Rad1 Rad8 18.Qg3 Kh8 19.Qg5 Ng8 20.Rd3 f6 21.Qg3 Ne7 
22.Rf3 b5 23.axb5 axb5 24.b4 Nb6 25.Rd3 Bc8 26.Red1 g5 27.Nf3 Ng6 28.Ne2 
Qe7 29.Ne1 Na4 30.Rxd8 Rxd8 31.Rxd8+ Qxd8 32.Qb3 Nb6 33.Qf7 Nd7 34.Nd3 Qf8
35.Qb3 Nb6 36.Nc5 Qd8 37.Qf7 Nc4 38.Kh2 Nd6 39.Qb3 Nc4 40.Qc3 Nb6 41.Nd3 
Qd6 42.Ng3 g4 43.hxg4 Bxg4 44.f3 Bc8 45.Bb3 Nf8 46.Nc5 Ng6 47.Nd3 Nf8 48.
Nc5 Ng6 49.Nh5 f5 50.exf5 Bxf5 51.f4 Bc8 52.Ne4 Qf8 53.Ng5 h6 54.Nf7+ Kh7 
55.Qxc6 Qxb4 1-0

[Event "POL-ChT3"]
[Site "Lazy POL"]
[Date "2012.09.03"]
[Round "3"]
[White "Bartkowiak, Damian"]
[Black "Krainski, Aleksander"]
[Result "1/2-1/2"]
[WhiteElo "2134"]
[BlackElo "2244"]
[EventDate "2012.09.01"]

1.d4 d5 2.Nf3 Nf6 3.c4 e6 4.Nc3 c6 5.cxd5 exd5 6.Bg5 Be7 7.Qc2 Nbd7 8.e3 
Nh5 9.g4 Bxg5 10.gxh5 Bh6 11.Bd3 Nf6 12.Ne5 Be6 13.O-O-O Qe7 14.Kb1 Nxh5 
15.Na4 Rc8 16.Nc5 g6 17.Qa4 a6 18.Qb3 Rc7 19.Qb6 Bc8 20.Ka1 Bg7 21.Be2 Nf6
22.f3 Qd8 23.e4 Re7 24.Qxd8+ Kxd8 25.Rhe1 Nh5 26.exd5 cxd5 27.Ncd3 f6 28.
Ng4 Rhe8 29.Bf1 Rxe1 30.Rxe1 Rxe1+ 31.Nxe1 Nf4 32.Ne3 Ke7 33.Kb1 Kd6 34.
Kc2 Ne6 35.Kc3 f5 36.N1c2 Bd7 37.Be2 a5 38.a3 h5 39.Ng2 Bf6 40.Bd3 Ba4 41.
b3 Be8 42.Be2 f4 43.Bd3 g5 44.Bf5 b6 45.a4 Ng7 46.Bc8 Bg6 47.Nge1 Nf5 48.
Ba6 g4 49.fxg4 hxg4 50.Bd3 Nh4 51.Bxg6 Nxg6 52.Kd3 Ke6 53.Na3 Nh4 54.Nb5 
Bg5 55.Ke2 Nf5 56.Nd3 f3+ 57.Kf1 Be3 58.Ne5 Bxd4 59.Nxg4 Bc5 60.Nc7+ Kd6 
61.Nb5+ Kd7 62.Ne5+ Ke6 63.Nxf3 Ne7 64.Ke2 Ng6 65.Nbd4+ Kf6 66.Kd2 Bd6 67.
Nb5 Bf4+ 1/2-1/2